Linear algebra : a geometric approach (Record no. 826943)

MARC details
000 -LEADER
fixed length control field 00573nam a2200217Ia 4500
008 - FIXED-LENGTH DATA ELEMENTS--GENERAL INFORMATION
fixed length control field 101110s9999 xx 000 0 und d
041 ## - LANGUAGE CODE
Language code of text/sound track or separate title ENGLISH
082 ## - DEWEY DECIMAL CLASSIFICATION NUMBER
Item number SR34442
100 ## - MAIN ENTRY--PERSONAL NAME
Personal name Kumaresan S.
245 ## - TITLE STATEMENT
Title Linear algebra : a geometric approach
260 ## - PUBLICATION, DISTRIBUTION, ETC. (IMPRINT)
Date of publication, distribution, etc 2009
Name of publisher, distributor, etc PHI learning pvt. Ltd, New Delhi
300 ## - PHYSICAL DESCRIPTION
Extent 218
365 ## - TRADE PRICE
Price amount 150
520 ## - SUMMARY, ETC.
Summary, etc Mathematics
546 ## - LANGUAGE NOTE
Language note ENGLISH
630 ## - SUBJECT ADDED ENTRY--UNIFORM TITLE
Uniform title Linear algebra : a geometric approach
650 ## - SUBJECT ADDED ENTRY--TOPICAL TERM
Topical term or geographic name as entry element Mathematics
655 ## - INDEX TERM--GENRE/FORM
Genre/form data or focus term Mathematics
730 ## - ADDED ENTRY--UNIFORM TITLE
Uniform title Linear algebra : a geometric approach
942 ## - ADDED ENTRY ELEMENTS (KOHA)
Koha item type Book
Holdings
Withdrawn status Lost status Damaged status Not for loan Home library Current library Shelving location Date acquired Source of acquisition Cost, normal purchase price Shelving control number Total Checkouts Barcode Date last seen Price effective from Koha item type
        D. B. J. College, Chiplun D. B. J. College, Chiplun     The bookland books & stationary, Chiplun, bill no. 148, dt. 27/7/2010 150.00     DBJSR34442 11/11/2010 11/11/2010 Book